| 000 | 00436cam a2200169ua 4500 | ||
|---|---|---|---|
| 020 | _c30 | ||
| 041 |
_aeng _h |
||
| 082 |
_a828.09 _bBRO/WR |
||
| 100 | _aBrooks, Van wyck . | ||
| 245 |
_aWriters at work ; The parrs review Interviews second series / _cVan wyek Brooks. _hTextual Documents |
||
| 260 |
_a : _bSecker & Warburg , _c1963. |
||
| 300 | _a292 ; . | ||
| 365 | _a30 | ||
| 504 | _a | ||
| 942 | _cBK | ||
| 999 |
_c3079 _d3079 |
||